000
003100000a22001450004500
003
MACL
040
_a
MACL
090
_c
6312
_d
6311
100
_a
Bhoite, U. B
245
_a
Sociology of Indian Intellectuals
260
_b
Rawat Publications
_c
1987
350
_a
200
650
_a
Sociology
942
_c
BOOK
_k
300
999
_c
6264
_d
6264